[Event "ZH-2017-0-01563"]
[Site "LSS email"]
[Date "2017.04.03"]
[Round "?"]
[White "Hassim, Yonah"]
[Black "De Visser, Leon"]
[Result "1/2-1/2"]
[WhiteElo "2244"]
[BlackElo "2200"]
[PlyCount "70"]
[EventDate "2017.03.23"]
[EventType "match (corr)"]
[EventRounds "2"]
[EventCountry "GER"]
[SourceTitle "Corr 2022"]
[Source "ChessBase"]
[SourceDate "2021.10.24"]
[SourceVersion "1"]
[SourceVersionDate "2021.10.24"]
[SourceQuality "1"]

1. e4 e5 2. Nf3 Nc6 3. Bb5 Nf6 4. d3 Bc5 5. Bxc6 dxc6 6. Nbd2 0-0 7. Nc4 Nd7 8. 0-0 f6 9. c3 Nb6 10. Na5 Bd6 11. b4 c5 12. Qb3+ Kh8 13. Be3 cxb4 14. cxb4 Qe7 15. a3 Rb8 16. Rac1 Bg4 17. Nd2 Rfd8 18. Qc2 Bd7 19. Ndb3 Ba4 20. Rfd1 Qe8 21. Qb1 Nc8 22. d4 exd4 23. Rxd4 b6 24. Nc4 c5 25. Rd2 cxb4 26. axb4 Bxb4 27. Rxd8 Qxd8 28. Nd4 a5 29. e5 Be8 30. Rd1 Qd5 31. Nc2 Qxc4 32. Rd8 Qe6 33. Nxb4 axb4 34. Qxb4 Kg8 35. exf6 Rb7 1/2-1/2

[Event "WC-2016-Q-00003"]
[Site "LSS email"]
[Date "2016.08.29"]
[Round "?"]
[White "Hassim, Yonah"]
[Black "Broniek, Mariusz Maciej"]
[Result "0-1"]
[WhiteElo "2237"]
[BlackElo "2389"]
[PlyCount "72"]
[EventDate "2016.09.03"]
[EventType "tourn (corr)"]
[EventRounds "12"]
[EventCountry "GER"]
[SourceTitle "Corr 2022"]
[Source "ChessBase"]
[SourceDate "2021.10.24"]
[SourceVersion "1"]
[SourceVersionDate "2021.10.24"]
[SourceQuality "1"]

1. e4 c5 2. c3 Nf6 3. e5 Nd5 4. d4 cxd4 5. Nf3 Nc6 6. Bc4 Nb6 7. Bb3 d5 8. exd6 Qxd6 9. 0-0 Be6 10. Na3 dxc3 11. Nb5 Qxd1 12. Rxd1 Rc8 13. Bxe6 fxe6 14. bxc3 Nc4 15. Ng5 e5 16. Ne6 Kf7 17. Ng5+ Kg6 18. Ne6 Kf5 19. Nbc7 g5 20. Rd3 h6 21. h4 gxh4 22. Rh3 Rg8 23. a4 Nd6 24. a5 Kg6 25. Nd5 Kf7 26. Nxf8 Rcxf8 27. Rxh4 Rd8 28. Ne3 Rg6 29. Bd2 a6 30. Be1 Rc8 31. Kf1 e4 32. c4 Ne5 33. Bb4 Nexc4 34. Nxc4 Rxc4 35. Bxd6 Rxd6 36. Rb1 Rd2 0-1

[Event "WC-2016-Q-00003"]
[Site "LSS email"]
[Date "2016.08.29"]
[Round "?"]
[White "Hassim, Yonah"]
[Black "Dos Santos, M A"]
[Result "1/2-1/2"]
[WhiteElo "2237"]
[BlackElo "2342"]
[PlyCount "66"]
[EventDate "2016.09.03"]
[EventType "tourn (corr)"]
[EventRounds "12"]
[EventCountry "GER"]
[SourceTitle "Corr 2022"]
[Source "ChessBase"]
[SourceDate "2021.10.24"]
[SourceVersion "1"]
[SourceVersionDate "2021.10.24"]
[SourceQuality "1"]

1. e4 e5 2. Nf3 Nc6 3. Bb5 a6 4. Ba4 Nf6 5. 0-0 Be7 6. Re1 b5 7. Bb3 d6 8. c3 0-0 9. h3 Nb8 10. Bc2 Nbd7 11. d4 Bb7 12. a4 Re8 13. Nbd2 Bf8 14. Bd3 c6 15. b3 g6 16. Qc2 Rc8 17. axb5 axb5 18. Bf1 exd4 19. cxd4 Nh5 20. Ba3 Nf4 21. b4 d5 22. e5 Ra8 23. Reb1 f6 24. Nb3 fxe5 25. dxe5 Nxe5 26. Nxe5 Rxe5 27. Bb2 d4 28. Na5 Nxh3+ 29. gxh3 Rxa5 30. Qb3+ Kh8 31. Rxa5 Rg5+ 32. Bg2 c5 33. f3 Rxg2+ 1/2-1/2

[Event "WC-2016-Q-00003"]
[Site "LSS email"]
[Date "2016.08.29"]
[Round "?"]
[White "Hassim, Yonah"]
[Black "Martin, Angel"]
[Result "1/2-1/2"]
[WhiteElo "2237"]
[BlackElo "2411"]
[PlyCount "81"]
[EventDate "2016.09.03"]
[EventType "tourn (corr)"]
[EventRounds "12"]
[EventCountry "GER"]
[SourceTitle "Corr 2022"]
[Source "ChessBase"]
[SourceDate "2021.10.24"]
[SourceVersion "1"]
[SourceVersionDate "2021.10.24"]
[SourceQuality "1"]

1. e4 c5 2. c3 Nf6 3. e5 Nd5 4. Bc4 Qc7 5. Nf3 Nb6 6. Bb3 c4 7. Bc2 Nc6 8. 0-0 Nxe5 9. Nxe5 Qxe5 10. Re1 Qc7 11. a4 e6 12. d3 cxd3 13. Qxd3 Be7 14. Na3 a6 15. a5 Nd5 16. Nc4 d6 17. Qd4 Kf8 18. Be4 Nf6 19. Bf3 Bd7 20. Bf4 Bc6 21. Bxd6 Bxd6 22. Nxd6 Bxf3 23. gxf3 h5 24. Qb4 Rb8 25. Rad1 Kg8 26. c4 b6 27. Re5 Kh7 28. Qd2 Rhd8 29. axb6 Qxb6 30. Qf4 Qxb2 31. Kg2 Kg8 32. Rg5 g6 33. Ra5 h4 34. Qxh4 Nd5 35. Rdxd5 exd5 36. Rxd5 Qe2 37. Nxf7 Kxf7 38. Rxd8 Rxd8 39. Qxd8 Qxc4 40. Qd7+ Kf6 41. h3 1/2-1/2

[Event "WC-2016-Q-00003"]
[Site "LSS email"]
[Date "2016.08.29"]
[Round "?"]
[White "Hassim, Yonah"]
[Black "Sukhanitskij, Stanislav"]
[Result "1/2-1/2"]
[WhiteElo "2237"]
[BlackElo "2147"]
[PlyCount "71"]
[EventDate "2016.09.03"]
[EventType "tourn (corr)"]
[EventRounds "12"]
[EventCountry "GER"]
[SourceTitle "Corr 2022"]
[Source "ChessBase"]
[SourceDate "2021.10.24"]
[SourceVersion "1"]
[SourceVersionDate "2021.10.24"]
[SourceQuality "1"]

1. e4 c5 2. c3 Nf6 3. e5 Nd5 4. Nf3 d6 5. d4 cxd4 6. cxd4 Nc6 7. Bc4 dxe5 8. dxe5 Ndb4 9. Qb3 e6 10. Bg5 Qc7 11. Nc3 a6 12. Be2 Nxe5 13. 0-0 Nbc6 14. Rac1 Bd6 15. g3 h6 16. Be3 0-0 17. Rfd1 Na5 18. Qc2 b5 19. Ne4 Qxc2 20. Rxc2 Bb7 21. Nxd6 Nxf3+ 22. Kh1 Nd4+ 23. Nxb7 Nxc2 24. Nxa5 Nxe3 25. fxe3 Rfd8 26. Bd3 Rd5 27. e4 Rd7 28. Nb3 Rd6 29. Kg2 Rad8 30. Nc5 Rc8 31. b4 a5 32. e5 Rd5 33. a3 Rcd8 34. Kf2 axb4 35. axb4 Kf8 36. Ke2 1/2-1/2

[Event "WC-2016-P-00004"]
[Site "LSS email"]
[Date "2016.01.22"]
[Round "?"]
[White "Blair, Matthew"]
[Black "Hassim, Yonah"]
[Result "0-1"]
[WhiteElo "1881"]
[BlackElo "2213"]
[PlyCount "70"]
[EventDate "2016.01.28"]
[EventType "tourn (corr)"]
[EventRounds "12"]
[EventCountry "GER"]
[SourceTitle "Corr 2022"]
[Source "ChessBase"]
[SourceDate "2021.10.24"]
[SourceVersion "1"]
[SourceVersionDate "2021.10.24"]
[SourceQuality "1"]

1. Nf3 Nf6 2. c4 c5 3. Nc3 Nc6 4. g3 d5 5. d4 cxd4 6. Nxd4 e5 7. Nxc6 bxc6 8. Bg2 Rb8 9. Bg5 Rxb2 10. 0-0 Qa5 11. Qd3 Be7 12. cxd5 cxd5 13. Bxf6 Bxf6 14. Nxd5 0-0 15. Rfb1 Rxb1+ 16. Rxb1 Be6 17. Be4 h6 18. Nxf6+ gxf6 19. Qe3 f5 20. Bg2 Kh7 21. Bf1 Rc8 22. a4 Rc3 23. Rb5 Qxb5 24. Qxc3 Qxa4 25. Qxe5 a5 26. h4 Qb4 27. Bh3 Qb1+ 28. Kh2 a4 29. Qa5 Qe4 30. Bg2 Qd4 31. e3 Qc4 32. Qa8 Qb3 33. e4 f4 34. gxf4 a3 35. f5 Bd7 0-1

[Event "WC-2016-P-00004"]
[Site "LSS email"]
[Date "2016.01.22"]
[Round "?"]
[White "Hassim, Yonah"]
[Black "Almeida, Ramiro"]
[Result "1/2-1/2"]
[WhiteElo "2213"]
[BlackElo "2287"]
[PlyCount "110"]
[EventDate "2016.01.28"]
[EventType "tourn (corr)"]
[EventRounds "12"]
[EventCountry "GER"]
[SourceTitle "Corr 2022"]
[Source "ChessBase"]
[SourceDate "2021.10.24"]
[SourceVersion "1"]
[SourceVersionDate "2021.10.24"]
[SourceQuality "1"]

1. e4 c5 2. Nf3 d6 3. d4 cxd4 4. Nxd4 Nf6 5. Nc3 a6 6. Bg5 e6 7. Qf3 Nbd7 8. Be2 Qc7 9. 0-0 b5 10. b4 Be7 11. a4 bxa4 12. b5 h6 13. Bc1 Nc5 14. Ba3 Nfd7 15. e5 Bb7 16. Qg3 0-0 17. bxa6 Bxa6 18. Ncb5 Qb6 19. exd6 Bg5 20. c4 Ne4 21. Qg4 Bb7 22. Bd3 Ne5 23. Qe2 Nxd3 24. Qxd3 Nc5 25. Qe2 Rfd8 26. Rfd1 Bf6 27. Rab1 Rac8 28. Nf3 Bxf3 29. Qxf3 Nb3 30. Qg4 Qc6 31. Nc7 Kh7 32. Qe2 Kh8 33. h3 Nd4 34. Qf1 Nc2 35. Bb2 Bxb2 36. Rxb2 Na3 37. Rbd2 Qxc4 38. Rd3 Nc2 39. R3d2 Qe4 40. Qa6 e5 41. Re2 Qg6 42. Nb5 Ra8 43. Qc6 Nd4 44. Nxd4 exd4 45. Qd5 Ra6 46. d7 Rd6 47. Re8+ Kh7 48. Qxd6 Qxd6 49. Rxd8 d3 50. Re8 Qxd7 51. Re3 d2 52. Re2 Qd6 53. Rexd2 Qa3 54. Rb1 g5 55. Rdd1 Qc3 1/2-1/2

[Event "ZH-2015-0-01405"]
[Site "LSS email"]
[Date "2015.12.23"]
[Round "?"]
[White "Kahl, Fred"]
[Black "Hassim, Yonah"]
[Result "1/2-1/2"]
[WhiteElo "2347"]
[BlackElo "2218"]
[PlyCount "99"]
[EventDate "2015.12.10"]
[EventType "match (corr)"]
[EventRounds "2"]
[EventCountry "GER"]
[SourceTitle "Corr 2022"]
[Source "ChessBase"]
[SourceDate "2021.10.24"]
[SourceVersion "1"]
[SourceVersionDate "2021.10.24"]
[SourceQuality "1"]

1. e4 c5 2. Nf3 d6 3. Bb5+ Nd7 4. 0-0 a6 5. Bd3 Ngf6 6. Re1 g6 7. c3 Bg7 8. Bc2 Ne5 9. d4 Nxf3+ 10. Qxf3 Nd7 11. Qd3 0-0 12. Be3 b5 13. a4 bxa4 14. Bxa4 Rb8 15. Ra2 cxd4 16. cxd4 e5 17. d5 f5 18. Bc6 Qc7 19. Qa3 Nf6 20. Nc3 Ng4 21. Bd2 fxe4 22. Nxe4 Bf5 23. Qxd6 Qf7 24. Ng5 Qa7 25. Nh3 e4 26. b4 e3 27. fxe3 Rbd8 28. Qc5 Qb8 29. Nf4 g5 30. Rxa6 Qe5 31. Ra7 gxf4 32. Rxg7+ Qxg7 33. exf4 Bd7 34. Bc3 Qg6 35. Bxd7 Rxd7 36. h3 Nh6 37. Re6 Qb1+ 38. Re1 Qa2 39. Qc6 Qa7+ 40. Kh2 Nf5 41. Re5 Rdd8 42. Bb2 Rc8 43. Qe6+ Qf7 44. Rxf5 Qxe6 45. Rxf8+ Rxf8 46. dxe6 Rxf4 47. b5 Rb4 48. Bf6 Rxb5 49. e7 Kf7 50. g4 1/2-1/2

[Event "SM-2015-0-00340"]
[Site "LSS email"]
[Date "2015.11.06"]
[Round "?"]
[White "Hassim, Yonah"]
[Black "Minte, Dieter"]
[Result "1-0"]
[WhiteElo "2216"]
[BlackElo "2446"]
[PlyCount "65"]
[EventDate "2015.09.27"]
[EventType "tourn (corr)"]
[EventRounds "6"]
[EventCountry "GER"]
[SourceTitle "Corr 2022"]
[Source "ChessBase"]
[SourceDate "2021.10.24"]
[SourceVersion "1"]
[SourceVersionDate "2021.10.24"]
[SourceQuality "1"]

1. Nf3 Nf6 2. d4 g6 3. c4 Bg7 4. Nc3 0-0 5. e4 d6 6. h3 e5 7. d5 Nh5 8. g3 a5 9. Be3 Na6 10. Nd2 Nf6 11. g4 Nd7 12. a3 Nb6 13. h4 Bd7 14. g5 f6 15. Bh3 Nc5 16. Qe2 Bxh3 17. Rxh3 Qd7 18. Rg3 fxg5 19. hxg5 Nba4 20. Nxa4 Nxa4 21. b3 Nc5 22. Bxc5 dxc5 23. a4 Rf4 24. 0-0-0 Qf7 25. Rf1 Bf8 26. Kb1 Rb8 27. Rh3 Bd6 28. f3 Qe7 29. Rfh1 Rf7 30. Qh2 c6 31. Kc2 Rbf8 32. Rh6 Rg7 33. Qh3 1-0

[Event "RA-2015-0-00387"]
[Site "LSS email"]
[Date "2015.04.18"]
[Round "?"]
[White "Hassim, Yonah"]
[Black "Willmann, Bernd"]
[Result "1/2-1/2"]
[WhiteElo "2203"]
[BlackElo "2266"]
[PlyCount "46"]
[EventDate "2015.04.01"]
[EventType "tourn (corr)"]
[EventRounds "6"]
[EventCountry "GER"]
[SourceTitle "Corr 2022"]
[Source "ChessBase"]
[SourceDate "2021.10.24"]
[SourceVersion "1"]
[SourceVersionDate "2021.10.24"]
[SourceQuality "1"]

1. e4 e5 2. Nf3 Nc6 3. Bb5 a6 4. Bxc6 dxc6 5. 0-0 Bd6 6. d4 exd4 7. Qxd4 f6 8. Be3 Ne7 9. Nbd2 Be6 10. Qc3 Qd7 11. Nd4 Bf7 12. Rfe1 c5 13. N4f3 b6 14. Nc4 0-0 15. e5 Nd5 16. Qd2 Be7 17. exf6 Bxf6 18. Nce5 Qf5 19. Bg5 Rad8 20. Nxf7 Kxf7 21. Bxf6 Nxf6 22. Qc3 Rfe8 23. h3 Kf8 1/2-1/2

[Event "WC-2015-P-00010"]
[Site "LSS email"]
[Date "2015.01.19"]
[Round "?"]
[White "Reede, Arvo"]
[Black "Hassim, Yonah"]
[Result "1/2-1/2"]
[WhiteElo "1786"]
[BlackElo "2205"]
[PlyCount "86"]
[EventDate "2015.01.25"]
[EventType "tourn (corr)"]
[EventRounds "12"]
[EventCountry "GER"]
[SourceTitle "Corr 2022"]
[Source "ChessBase"]
[SourceDate "2021.10.24"]
[SourceVersion "1"]
[SourceVersionDate "2021.10.24"]
[SourceQuality "1"]

1. d4 d5 2. Nf3 Nf6 3. c4 e6 4. Nc3 c6 5. e3 Nbd7 6. Bd3 dxc4 7. Bxc4 b5 8. Bd3 a6 9. a4 b4 10. Ne4 c5 11. Nxf6+ Nxf6 12. 0-0 Bb7 13. Qe2 cxd4 14. exd4 Be7 15. Be3 0-0 16. Ne5 a5 17. Rfc1 Qd5 18. f3 Rfc8 19. Qf2 Qd6 20. Nc4 Qd8 21. Ne5 Nd5 22. Bd2 Rxc1+ 23. Rxc1 Rc8 24. Rxc8 Qxc8 25. Qe2 Bf6 26. Be4 Ba6 27. Qe1 Ne7 28. Qc1 Qxc1+ 29. Bxc1 Nf5 30. Bxf5 exf5 31. Be3 Bb7 32. Nd7 Bd8 33. Bf4 g5 34. Be5 Bc6 35. Nc5 f4 36. Kf2 f6 37. Bd6 Bd5 38. Ke2 Kf7 39. Kd3 h5 40. Ke2 Bc4+ 41. Ke1 Bb6 42. Kf2 Kg6 43. Be7 Bf7 1/2-1/2

[Event "RA-2014-0-00368"]
[Site "LSS email"]
[Date "2014.12.30"]
[Round "?"]
[White "Hassim, Yonah"]
[Black "Page, Jeffrey"]
[Result "1/2-1/2"]
[WhiteElo "2200"]
[BlackElo "2070"]
[PlyCount "124"]
[EventDate "2014.12.01"]
[EventType "tourn (corr)"]
[EventRounds "6"]
[EventCountry "GER"]
[SourceTitle "Corr 2022"]
[Source "ChessBase"]
[SourceDate "2021.10.24"]
[SourceVersion "1"]
[SourceVersionDate "2021.10.24"]
[SourceQuality "1"]

1. d4 Nf6 2. c4 g6 3. Nc3 d5 4. cxd5 Nxd5 5. e4 Nxc3 6. bxc3 Bg7 7. Bc4 c5 8. Ne2 0-0 9. 0-0 Nc6 10. Be3 Qc7 11. Rc1 Rd8 12. Qa4 a6 13. h3 Na5 14. Bd3 b5 15. Qa3 Bb7 16. Rfd1 e6 17. Bf4 e5 18. Bg5 Rd7 19. Be3 Rad8 20. d5 f5 21. f3 c4 22. Bc2 fxe4 23. fxe4 Bf8 24. Qb2 Bc5 25. Bxc5 Qxc5+ 26. Kh2 Rf8 27. Qb4 Qb6 28. Rf1 Rdf7 29. Rxf7 Rxf7 30. Rb1 Bc8 31. Ng3 h5 32. a4 h4 33. Nh1 Bd7 34. axb5 axb5 35. Ra1 Nb7 36. Qa3 Nd6 37. Qc1 Rf4 38. Ra8+ Kf7 39. Qa1 Qe3 40. Rd8 Ke7 41. Rh8 Bxh3 42. Qa8 Bc8 43. Qa5 Nf7 44. Rxc8 Rf1 45. Rc7+ Kf8 46. Rxf7+ Rxf7 47. Qxb5 Qf4+ 48. Kh3 Qg5 49. Qb1 Qe3+ 50. Kh2 Kg7 51. Qd1 Qxc3 52. d6 Qd4 53. Qxd4 exd4 54. e5 d3 55. Ba4 c3 56. e6 c2 57. d7 c1Q 58. d8Q Qc7+ 59. Qxc7 Rxc7 60. Nf2 d2 61. g3 hxg3+ 62. Kxg3 Rc3+ 1/2-1/2

[Event "RA-2014-0-00368"]
[Site "LSS email"]
[Date "2014.12.30"]
[Round "?"]
[White "Susla, Vitaliy"]
[Black "Hassim, Yonah"]
[Result "1/2-1/2"]
[WhiteElo "2253"]
[BlackElo "2200"]
[PlyCount "66"]
[EventDate "2014.12.01"]
[EventType "tourn (corr)"]
[EventRounds "6"]
[EventCountry "GER"]
[SourceTitle "Corr 2022"]
[Source "ChessBase"]
[SourceDate "2021.10.24"]
[SourceVersion "1"]
[SourceVersionDate "2021.10.24"]
[SourceQuality "1"]

1. d4 Nf6 2. c4 e6 3. Nf3 d5 4. Nc3 c6 5. e3 Nbd7 6. Qc2 Bd6 7. Bd3 dxc4 8. Bxc4 0-0 9. 0-0 b5 10. Bd3 Bb7 11. a3 Qe7 12. Bd2 Rfc8 13. b4 a5 14. bxa5 Bc7 15. a6 Bxa6 16. Ne4 Nxe4 17. Bxe4 h6 18. Rfc1 Bd6 19. Qb2 Bb7 20. Bb4 Ra7 21. Rab1 Nf6 22. Bc2 Nd5 23. Bd1 Nxb4 24. axb4 Rca8 25. Qd2 Ra2 26. Bc2 g6 27. e4 Qf8 28. e5 Be7 29. Ne1 R8a3 30. Nd3 Qd8 31. Nc5 Bxc5 32. bxc5 Qh4 33. Rd1 Qg4 1/2-1/2

[Event "SA-2014-0-00440"]
[Site "LSS email"]
[Date "2014.10.29"]
[Round "?"]
[White "Corti, Horacio"]
[Black "Hassim, Yonah"]
[Result "1/2-1/2"]
[WhiteElo "2242"]
[BlackElo "2194"]
[PlyCount "59"]
[EventDate "2014.10.08"]
[EventType "tourn (corr)"]
[EventRounds "6"]
[EventCountry "GER"]
[SourceTitle "Corr 2022"]
[Source "ChessBase"]
[SourceDate "2021.10.24"]
[SourceVersion "1"]
[SourceVersionDate "2021.10.24"]
[SourceQuality "1"]

1. e4 c5 2. Nf3 d6 3. d4 cxd4 4. Nxd4 Nf6 5. Nc3 a6 6. Be3 e5 7. Nb3 Be6 8. f3 Be7 9. Qd2 0-0 10. 0-0-0 Nbd7 11. g4 b5 12. g5 b4 13. Ne2 Ne8 14. f4 a5 15. f5 a4 16. Nbd4 exd4 17. Nxd4 b3 18. Kb1 bxc2+ 19. Nxc2 Bb3 20. axb3 axb3 21. Na3 Ne5 22. h4 Ra4 23. Bd4 Qa8 24. Qe3 Rb4 25. Rh3 Kh8 26. Qe1 Rb8 27. Rg3 f6 28. Qe2 Rb4 29. Bg2 Nc7 30. Bc3 1/2-1/2

[Event "RA-2014-0-00356"]
[Site "LSS email"]
[Date "2014.10.23"]
[Round "?"]
[White "Corti, Horacio"]
[Black "Hassim, Yonah"]
[Result "1/2-1/2"]
[WhiteElo "2256"]
[BlackElo "2194"]
[PlyCount "77"]
[EventDate "2014.10.02"]
[EventType "tourn (corr)"]
[EventRounds "6"]
[EventCountry "GER"]
[SourceTitle "Corr 2022"]
[Source "ChessBase"]
[SourceDate "2021.10.24"]
[SourceVersion "1"]
[SourceVersionDate "2021.10.24"]
[SourceQuality "1"]

1. e4 c5 2. Nf3 Nc6 3. d4 cxd4 4. Nxd4 e5 5. Nb5 d6 6. N1c3 a6 7. Na3 Rb8 8. Nc4 Be6 9. Be2 g6 10. Nd5 Bxd5 11. exd5 Nce7 12. a4 Nf6 13. a5 Bg7 14. 0-0 0-0 15. Ne3 Nd7 16. c3 f5 17. Nc4 Qc7 18. Be3 f4 19. Bb6 Nxb6 20. Nxb6 Nf5 21. Ra4 Bf6 22. Re1 Bh4 23. Rc4 Qe7 24. Bd3 Qg5 25. Rf1 Rf7 26. Be4 Rbf8 27. Qe2 Qh6 28. Rb4 Bd8 29. Qg4 Rc7 30. Nc4 Kh8 31. Nd2 Rcf7 32. Ra4 b5 33. Raa1 Rc7 34. Rfe1 Qg7 35. Bc2 Qf7 36. Bb3 Kg8 37. Ne4 Be7 38. Qh3 Qe8 39. Bd1 1/2-1/2

[Event "RA-2014-0-00356"]
[Site "LSS email"]
[Date "2014.10.23"]
[Round "?"]
[White "Grego, Luis Jose Gonzaga"]
[Black "Hassim, Yonah"]
[Result "1/2-1/2"]
[WhiteElo "2161"]
[BlackElo "2194"]
[PlyCount "47"]
[EventDate "2014.10.02"]
[EventType "tourn (corr)"]
[EventRounds "6"]
[EventCountry "GER"]
[SourceTitle "Corr 2022"]
[Source "ChessBase"]
[SourceDate "2021.10.24"]
[SourceVersion "1"]
[SourceVersionDate "2021.10.24"]
[SourceQuality "1"]

1. e4 c5 2. Nf3 d6 3. d4 cxd4 4. Qxd4 Nc6 5. Bb5 Bd7 6. Bxc6 Bxc6 7. Nc3 Nf6 8. Bg5 e6 9. 0-0 Be7 10. Rad1 h6 11. Bf4 e5 12. Nxe5 dxe5 13. Qxe5 Bd7 14. Nd5 Kf8 15. Nxe7 Qxe7 16. Qd4 Kg8 17. e5 Nh5 18. Be3 Bc6 19. g4 Qh4 20. gxh5 Qxh5 21. f3 Bxf3 22. Rd2 Qg6+ 23. Kf2 Bc6 24. Rg1 1/2-1/2

[Event "BI-2014-P-0010"]
[Site "LSS email"]
[Date "2014.04.19"]
[Round "?"]
[White "Hassim, Yonah"]
[Black "Hoehne, Volkmar"]
[Result "1-0"]
[WhiteElo "2197"]
[BlackElo "1958"]
[PlyCount "71"]
[EventDate "2014.04.25"]
[EventType "tourn (corr)"]
[EventRounds "10"]
[EventCountry "GER"]
[SourceTitle "Corr 2022"]
[Source "ChessBase"]
[SourceDate "2021.10.24"]
[SourceVersion "1"]
[SourceVersionDate "2021.10.24"]
[SourceQuality "1"]

1. d4 Nf6 2. c4 g6 3. Nc3 Bg7 4. Nf3 0-0 5. e4 d6 6. Be2 e5 7. 0-0 Nc6 8. d5 Ne7 9. Bd2 Nh5 10. h3 a6 11. Re1 c5 12. Rb1 Bd7 13. b4 b6 14. Qb3 Nf4 15. Bf1 Nc8 16. bxc5 bxc5 17. Qa3 Ra7 18. Rb8 Qc7 19. Reb1 Ne7 20. Qb2 Rxb8 21. Qxb8+ Nc8 22. Qxc7 Rxc7 23. Rb8 Bf6 24. Nd1 Kg7 25. Ne3 Ra7 26. g3 Nh5 27. Ng4 a5 28. Kg2 Kf8 29. Be3 Kg7 30. Be2 a4 31. Nfxe5 Bxe5 32. Nxe5 dxe5 33. Bxc5 Rc7 34. Bb4 h6 35. Bc3 f6 36. Bb4 1-0

[Event "BI-2014-P-0010"]
[Site "LSS email"]
[Date "2014.04.19"]
[Round "?"]
[White "Hassim, Yonah"]
[Black "Sampaio Vianna Braga, Carlos Fernando"]
[Result "1-0"]
[WhiteElo "2197"]
[BlackElo "1344"]
[PlyCount "63"]
[EventDate "2014.04.25"]
[EventType "tourn (corr)"]
[EventRounds "10"]
[EventCountry "GER"]
[SourceTitle "Corr 2022"]
[Source "ChessBase"]
[SourceDate "2021.10.24"]
[SourceVersion "1"]
[SourceVersionDate "2021.10.24"]
[SourceQuality "1"]

1. e4 d5 2. exd5 Qxd5 3. Nc3 Qa5 4. d4 c6 5. Bd2 g6 6. Bc4 Qb6 7. Nf3 Nf6 8. Ng5 e6 9. Qf3 Be7 10. Nce4 Nbd7 11. 0-0-0 h6 12. Nxe6 fxe6 13. Bxe6 c5 14. d5 Nxe4 15. Qxe4 g5 16. d6 Bxd6 17. Bc3 Bf4+ 18. Kb1 Ne5 19. Bxc8 0-0 20. Bxb7 Rab8 21. Bd5+ Kg7 22. g3 Qg6 23. Qa4 Rbe8 24. gxf4 Rxf4 25. Qxa7+ Kh8 26. Rhe1 Rf5 27. Rxe5 Rfxe5 28. Re1 Qh5 29. Qc7 g4 30. Rxe5 Rxe5 31. Qe7 Qg5 32. Bxe5+ 1-0

[Event "RM-2014-0-00137"]
[Site "LSS email"]
[Date "2014.04.18"]
[Round "?"]
[White "Szabo, Vilmos"]
[Black "Hassim, Yonah"]
[Result "1-0"]
[WhiteElo "2473"]
[BlackElo "2153"]
[PlyCount "97"]
[EventDate "2014.01.03"]
[EventType "tourn (corr)"]
[EventRounds "6"]
[EventCountry "GER"]
[SourceTitle "Corr 2022"]
[Source "ChessBase"]
[SourceDate "2021.10.24"]
[SourceVersion "1"]
[SourceVersionDate "2021.10.24"]
[SourceQuality "1"]

1. d4 d5 2. c4 e6 3. e3 c5 4. Nc3 Nf6 5. Nf3 a6 6. cxd5 exd5 7. Bd3 Nc6 8. 0-0 Be6 9. a3 c4 10. Bc2 Be7 11. Ne5 0-0 12. f4 g6 13. Kh1 Kh8 14. Bd2 Qc7 15. Be1 Rad8 16. Qf3 Ne8 17. f5 gxf5 18. Bg3 Qb6 19. Bxf5 Nxe5 20. Bxe5+ f6 21. Bg3 Bxf5 22. Qxf5 Ng7 23. Qc2 f5 24. Rf3 Qe6 25. Raf1 b5 26. Qf2 Bf6 27. Bf4 Qd7 28. Bh6 Qc6 29. Qd2 Qd6 30. Ne2 Bh4 31. Bf4 Qe6 32. Rh3 Bf6 33. Qa5 Kg8 34. Rh6 Rde8 35. Rf3 Qe4 36. h3 Re6 37. Nc3 Bd8 38. Bc7 Qxf3 39. gxf3 Bxc7 40. Qxc7 Rxh6 41. Nxd5 Re6 42. Qc5 Rfe8 43. Kg1 Rg6+ 44. Kf2 Rh6 45. Ne7+ Kf7 46. Nxf5 Nxf5 47. Qxf5+ Kg8 48. Qd5+ Kh8 49. Qf7 1-0

[Event "OP-2013-0-03167"]
[Site "LSS email"]
[Date "2013.12.11"]
[Round "?"]
[White "Hassim, Yonah"]
[Black "Wood, Brian"]
[Result "1-0"]
[WhiteElo "2157"]
[BlackElo "544"]
[PlyCount "53"]
[EventDate "2013.12.08"]
[EventType "tourn (corr)"]
[EventRounds "4"]
[EventCountry "GER"]
[SourceTitle "Corr 2022"]
[Source "ChessBase"]
[SourceDate "2021.10.24"]
[SourceVersion "1"]
[SourceVersionDate "2021.10.24"]
[SourceQuality "1"]

1. d4 d5 2. c4 c6 3. Nf3 Nf6 4. cxd5 cxd5 5. Qb3 Nc6 6. Bf4 e6 7. Nc3 Bd6 8. Bxd6 Qxd6 9. e3 0-0 10. Rc1 a6 11. Bd3 Rb8 12. 0-0 b5 13. Ne2 Bd7 14. Rfd1 e5 15. dxe5 Nxe5 16. Nxe5 Qxe5 17. Qc3 Qxc3 18. Rxc3 Rfc8 19. Rdc1 Rxc3 20. Rxc3 Rc8 21. Ra3 Rc6 22. f3 Re6 23. Nd4 Re8 24. Rxa6 Rxe3 25. Ra8+ Re8 26. Rxe8+ Bxe8 27. b4 1-0